000 00820nam a2200265Ia 4500
001 Para_4399
003 CHAP
008 220125s1942 xx 000 0 und d
010 _a202912
040 _cCHAP
090 _aPA FOLLETO 1633
100 _aWhitten, R. R
_9121783
245 _aToxic and repellent sprays for the control of elm bark beetles /
_c by R. R. Whitten
260 _aWashington :
_b Department of Agriculure
300 _a12 p.
440 _aEUA. Dept. of Agriculture Circular; 647
_9168400
650 _aScolytus multistriatus Control de plagas Pesticidas
_x Toxicidad Escarabajos
_9168401
901 _aPA FOLLETO 1633
902 _aA
905 _a0000001942 WAS 0000000000 00
910 _a1942
942 _cPARA
942 _cPARA
_d1
999 _c202912
_d202912